Kadra reprezentacji Brazylii - MŚ 2010 - Statystyki

Ogólne statystyki
  • Ten quiz został rozwiązany 27 razy
  • Średni wynik to 9 z 24
Statystyki odpowiedzi
Nr Zawodnik Po % Poprawnych
10 Kaká PO
85%
15 Thiago Silva OB
85%
1 Júlio César BR
81%
8 Gilberto Silva PO
73%
13 Dani Alves OB
69%
2 Maicon OB
69%
11 Robinho NA
69%
3 Lúcio OB
62%
9 Luís Fabiano NA
42%
4 Juan OB
35%
16 Gilberto OB
27%
12 Heurelho Gomes BR
27%
18 Ramires PO
27%
# Dunga Trener
23%
7 Elano PO
23%
5 Felipe Melo PO
19%
23 Grafite NA
15%
19 Júlio Baptista NA
15%
21 Nilmar NA
15%
22 Doni BR
12%
17 Josué PO
12%
14 Luisão OB
12%
6 Michel Bastos OB
12%
20 Kléberson PO
8%
Nie znaleziono quizów pasujących do podanych kryteriów
Rozkład punktacji
Procent ludzi z każdym wynikiem
Percentyl według liczby udzielonych odpowiedzi
Twoja historia wyników
Nie rozwiązałeś tego quizu